Selección y diseño sustentable de materiales de construcción / (Record no. 11551)

MARC details
000 -CABECERA
campo de control de longitud fija 00861nam a2200241 4500
003 - IDENTIFICADOR DEL NÚMERO DE CONTROL
campo de control OSt
005 - FECHA Y HORA DE LA ÚLTIMA TRANSACCIÓN
campo de control 20260530113854.0
008 - DATOS DE LONGITUD FIJA--INFORMACIÓN GENERAL
campo de control de longitud fija 260420b2016 spaa|||| |||| 00| 0 spa d
040 ## - FUENTE DE LA CATALOGACIÓN
Centro catalogador/agencia de origen ICI
Lengua de catalogación spa
Centro/agencia transcriptor ICI
050 ## - SIGNATURA TOPOGRÁFICA DE LA BIBLIOTECA DEL CONGRESO
Número de clasificación TA418.59
Número de documento/Ítem H47
100 1# - ENTRADA PRINCIPAL--NOMBRE DE PERSONA
Nombre de persona Hernández Moreno, Silverio,
9 (RLIN) 31509
245 10 - MENCIÓN DE TÍTULO
Título Selección y diseño sustentable de materiales de construcción /
Mención de responsabilidad, etc. Silverio Hernández Moreno
246 00 - FORMA VARIANTE DE TÍTULO
Título propio/Titulo breve Diseño sustentable de materiales de construcción
264 #1 - PRODUCCIÓN, PUBLICACIÓN, DISTRIBUCIÓN, FABRICACIÓN Y COPYRIGHT
Nombre del de productor, editor, distribuidor, fabricante Editorial Trillas,
Fecha de producción, publicación, distribución, fabricación o copyright 2016
Producción, publicación, distribución, fabricación y copyright México, D.F. :
300 ## - DESCRIPCIÓN FÍSICA
Extensión 112 páginas
Otras características físicas ilustraciones
336 ## - TIPO DE CONTENIDO
Término de tipo de contenido texto
Fuente rdacontent
337 ## - TIPO DE MEDIO
Nombre/término del tipo de medio sin medio
Fuente rdamedia
338 ## - TIPO DE SOPORTE
Nombre/término del tipo de soporte volumen
Fuente rdacarrier
650 #4 - PUNTO DE ACCESO ADICIONAL DE MATERIA--TÉRMINO DE MATERIA
Término de materia o nombre geográfico como elemento de entrada Materiales de construcción
Subdivisión general Aspectos ambientales
9 (RLIN) 31510
650 #4 - PUNTO DE ACCESO ADICIONAL DE MATERIA--TÉRMINO DE MATERIA
Término de materia o nombre geográfico como elemento de entrada Materiales
Subdivisión general Efectos del ambiente especial sobre
9 (RLIN) 31511
650 #4 - PUNTO DE ACCESO ADICIONAL DE MATERIA--TÉRMINO DE MATERIA
Término de materia o nombre geográfico como elemento de entrada Diseño sustentable
9 (RLIN) 31512
942 ## - ELEMENTOS DE PUNTO DE ACCESO ADICIONAL (KOHA)
Fuente del sistema de clasificación o colocación Library of Congress Classification
Tipo de ítem Koha

No items available.